| 000 | 00879nam a2200265 a 4500 | ||
|---|---|---|---|
| 001 | BRCA_3829 | ||
| 005 | 20190320204435.0 | ||
| 008 | 930930s1988 mx-a#####c---#001-0#spa-u | ||
| 020 | _a9682906237 | ||
| 041 | _aspaeng | ||
| 044 | _amx | ||
| 050 | 4 |
_aND150 _b.G85 1988 |
|
| 245 | 1 | 0 |
_aGuía oficial del Museo de San Carlos _ctraducción Susana Lizardi Ens, Anna de Fina. |
| 250 | _a2 | ||
| 260 |
_aMéxico _bINBA-SEP : Museo de San Carlos _c1988 |
||
| 300 |
_a175 p. _bil. (algunas a color) _c23 cm. |
||
| 500 | _aIncluye glosario e índice de autores | ||
| 546 | _aTexto en español e inglés | ||
| 610 | 2 | 4 |
_aMuseo de San Carlos (Ciudad de México) _vGuías _xColecciones de arte _99967 |
| 650 | 1 | 4 |
_aPintores europeos _vGuías _99968 |
| 650 | 1 | 4 |
_aPintura _vGuías _zMéxico _99969 |
| 700 | 1 |
_aLizardi Ens, Susana _99970 |
|
| 700 | 1 |
_aFina, Anna de _99971 |
|
| 942 |
_2lcc _cB |
||
| 999 |
_c3557 _d3557 |
||